| 000 | 00571nam a2200181 a 4500 | ||
|---|---|---|---|
| 005 | 20140310183505.0 | ||
| 008 | 100809s19uu xx 00 eng d | ||
| 020 | _a9781433807503 | ||
| 050 |
_aRC 480.5 _b.W2764 2010 |
||
| 100 | _aWampold, Bruce E. | ||
| 245 |
_aThe basics of psychotherapy : _ban introduction to theory and practice. / _cBruce E. Wampold |
||
| 260 |
_aWashington D.C : _bAmerican Psychological Association, _c2010. |
||
| 300 |
_a148 p. : _c23 cm. |
||
| 521 | _aPSYCH | ||
| 650 |
_aPsychotherapy _xHistory. |
||
| 942 |
_cBK _2lcc _kFOR |
||
| 999 |
_c24036 _d24036 |
||